000 00530nam a22001217a 4500
008 110622t xxu||||| |||| 00| 0 eng d
010 _aHCMAF101
245 _aHigh Court Miscellaneous Application No. 36 OF 1998 Akisoferi Ogola Vs Akika Othieno Emmanuel and another
260 _c1998
500 _aCoram: Hon. Mr. Justice Augustus Kania
500 _a(Arising from Misc. Appl. No. 22 of 1998 and Election Petition No. 2 of 1996)
999 _c3630
_d3630